000 01753nam a22002892a 4500
001 36440
003 BD-RjUL
005 20211209052504.0
008 140624s1929 enk b 000 0 eng d
035 _a(BD-RjUL)36540
040 _aDLC
_cCOO
_dEQO
_dBD-RjUL
_beng
041 _aeng
082 0 4 _a892.78
_bNII 1929
100 1 _aNiẓamuʼd-Dīn, Muḥammad.
_9110919
245 1 0 _aIntroduction to the Jawámi'u'l-hikáyát wa lawámi 'u'rriwáyát of Sadídu'd-Dín Muḥammad al-'Awfí /
_cby Muḥammad Niẓámu'd-Din.
260 _aLondon :
_bLuzac & Co,
_c1929
300 _axxiii, 316 p. ;
_c32 cm.
490 1 _a"E.J.W. Gibb memorial" ;
_vNew series, VIII
500 _aPrinted in Holland
504 _aBibliographical foot-notes
505 0 _aObservations on the life and works of the author Sadídu'd-Dín Muḥammad al'Awfí.--The position of the Jawāmu'u'l-ḥikāyāt in Persian prose.--A conspectus of the sources of the Jawāmi'u'l-ḥikāuāt.--Chronological arrangement and description of all the known mss. of the Jawāmi'u'l-ḥikāyāt with a view to establish a standard text.--A comparative index of the hundred chapters of the Jawāmi'u'lḥikāyāt based on the 14th century A.D. mss. (A list of the 100 chapter-headings in the original Persian)--A complete table of contents of the four parts of the Jawāmi'u'l-ḥikāyāt, consisting of 2113 titles of anecdotes.--Reclassification of the contents of the Jawāmi'u'l-ḥikāyāt.--A complete alphabetical list of all the works mentioned in the Jawāmi'u'l-ḥikāyāt
600 1 0 _aʿAwfī, Muḥammad,
_dactive 1228.
_9110925
830 0 _vnew ser., 8
_9110926
830 0 _a"E.J.W. Gibb memorial" series ;
_9110927
942 _2ddc
_cBK
999 _c36440
_d36440